|
|
|
|
| LEADER |
01172nam a2200241 i 4500 |
| 003 |
GR-PaULI |
| 005 |
20240401141504.0 |
| 008 |
230511s2022 gr ||||g |||| 00| d gre d |
| 952 |
|
|
|0 0
|1 0
|2 ddc
|4 0
|6 889_290000000000000_ΜΑΓ
|7 0
|9 371588
|a THST
|b THST
|d 2023-05-11
|i 017474
|l 1
|o 889.29 ΜΑΓ
|p 025000300135
|r 2024-01-11 00:00:00
|s 2023-12-12
|t 1
|w 2023-05-11
|y BK15
|
| 999 |
|
|
|c 216750
|d 216750
|
| 020 |
|
|
|a 9789605043360
|
| 040 |
|
|
|a GR-PaULI
|b gre
|c GR-PaULI
|e AACR2
|
| 041 |
1 |
|
|a gre
|a eng
|
| 082 |
0 |
4 |
|a 889.29
|
| 100 |
1 |
|
|a Μαγκλίνης, Ηλίας,
|d 1970-
|e συγγραφέας
|9 188405
|
| 245 |
1 |
0 |
|a Φάκελος Βανκάου /
|c Ηλίας Μαγκλίνης = The Wahncau file / Elias Maglinis ; translated by Patricia Felisa Barbeito.
|
| 246 |
1 |
3 |
|a The Wahncau file
|
| 260 |
|
|
|a Αθήνα :
|b Φεστιβάλ Αθηνών Επιδαύρου ;
|b Νεφέλη,
|c 2022.
|
| 300 |
|
|
|a 134 σ. ;
|c 21 εκ.
|
| 500 |
|
|
|a Παρουσιάστηκε τον Αύγουστο του 2022, σκηνοθεσία Σύλλας Τζουμέρκας.
|
| 650 |
|
4 |
|9 102577
|a Ελληνικά θεατρικά έργα
|y 21ος αιώνας
|
| 942 |
|
|
|2 ddc
|c BK15
|
| 998 |
|
|
|c ΜΑΝΙΑ
|d 2023-05
|